01484cam a22003737a 4500003000500000005001700005008004100022010001000063011001000073035001000083040000900093082001800102110005300120245004000173260003900213300000800252490006100260500006400321590004100385590004100426590004100467590004100508590004200549650004800591650004100639650003400680710008500714830006800799901000700867942001000874949006500884999001700949952014400966CHAP20220329141654.0971013s1975 r 00010 d a71976 a72948 a82505 cCHAP a338.173bB3al aBanco Nacional Agropecuario, S.A. México99865 0aResultados del cultivo de algodón aMéxico, D.F. :bEl Banco,c1975- av.1 0aEstudio de costos de producción de 11 cultivos basicos aLa biblioteca tiene: v.1 Resultados al 16 de abril de 1975- aBATCH-UPDb10c20130110lUCH01h0802 aBATCH-UPDb10c20130410lUCH01h0440 aBATCH-UPDb10c20130914lUCH01h0106 aBATCH-UPDb10c20130914lUCH01h2145 aCONVERSIONb10c20130109lUCH01h133914aAlgodonxAspectos economicosxMexico.9397414aAlgodonxCostos de produccion.9399114aAlgodónxRendimiento.940530 aFideicomiso para la Realización de Estudios de Desarrollo Agropecuario.9407280 aEstudio de costos de producción de 11 cultivos basicos938500 aBK cLIBRO a338.173 B3albBCcCd33724000509675eCfv.1h43257i82505si c71976d71976 00102ddc4051708CaBCbBCcPA_CONSULTAd2019-12-31fLIBROl0o338.173 B3alp33724000509675r2019-12-31 00:00:00tv.1w2019-12-31yLIBRO